| 000 | 01143nam a22003017a 4500 | ||
|---|---|---|---|
| 999 |
_c64492 _d64492 |
||
| 005 | 20240530110734.0 | ||
| 008 | 180415s2007 ua a g b 000 0 ara d | ||
| 017 |
_bمصر. دار الكتب _a2006/20381 |
||
| 020 | _a977173928x | ||
| 040 |
_aEG-CaGPL _cEG-CaGPL |
||
| 082 | 0 | 4 |
_221 _a189\ _bم إ |
| 100 | 0 | _aماهر عبدالقادر محمد | |
| 245 | 1 | 0 |
_aاتجاهات التفكير الفلسفى فى العصور الوسطى / _cماهر عبدالقادر محمد ، حربى عباس عطيتو |
| 260 |
_aالقاهرة : _c2007 . |
||
| 300 |
_a396 ص. ؛ _c24 سم. |
||
| 600 | 0 | _aتوما الاكوينى | |
| 600 | 0 | _aاوغسطين | |
| 600 | 0 | _aارسطوطاليس | |
| 650 | 0 | 7 |
_2qrmak _aالفلسفة اليونانية |
| 650 | 0 | 7 |
_aالمدرسة الايونية _2qrmak |
| 650 | 0 | 7 |
_2qrmak _aالمدرسة الايلية |
| 650 | 0 | 7 |
_2qrmak _aالفلسفة الاغريقية |
| 650 | 0 | 7 |
_2qrmak _aالفلسفة الحديثة |
| 651 | _2qrmak | ||
| 700 | 0 |
_aحربى عباس عطيتو _eمؤلف مشارك |
|
| 942 |
_2ddc _cBK |
||